| 000 | 00530nam a2200181 4500 | ||
|---|---|---|---|
| 001 | 109322 | ||
| 003 | ES-MaACL | ||
| 005 | 20230906184824.0 | ||
| 007 | t| | ||
| 008 | 061121s1964 sp r ||||1| spa d | ||
| 245 | 0 | 4 |
_aUna Misionera de Cristo Sacerdote _b: En la ruta hacia Dios. |
| 260 |
_aMadrid : _bStudium, _c1964. |
||
| 300 |
_a200 p. ; _c19 cm. |
||
| 490 | 1 |
_aColección para religiosas ; _v7 |
|
| 830 | 0 |
_aColección para religiosas ; _v7 _9184429 |
|
| 852 |
_aES-MaACL _jC-25687 _bR.54534 |
||
| 999 |
_c109322 _d109322 |
||